| 000 | 00990nam a2200253 a 4500 | ||
|---|---|---|---|
| 003 | BLK | ||
| 005 | 20250802111505.0 | ||
| 008 | 210309b bu ||||| |||| 00| 0 bu d | ||
| 020 | _a9786192741198 | ||
| 040 | _aBLK | ||
| 041 |
_aBUL _cBUL |
||
| 080 |
_aСловенска литература _b821.163.6 _z821.163.6-93-91 _9238627 |
||
| 084 | _aК 89 | ||
| 100 |
_9442802 _aКралич, Хелена |
||
| 245 |
_aДарбата на язовеца Броуди _cХелена Кралич; прев. и стих. Мария Донева; ил. Джейн Чапман |
||
| 260 |
_9209582 _aСофия _bСофтПрес _c2025 |
||
| 300 |
_a28 с. _bс цв. ил. _c28 см |
||
| 380 | _aDX | ||
| 700 |
_9365115 _aДонева, Мария _qПетрова, Мария Донева |
||
| 700 | 1 |
_9141036 _aЧапман, Джейн |
|
| 942 |
_cKNG _n0 _s1 _023 |
||
| 944 |
_cНора Радева _k30543 _a30545 _lИва Цветкова |
||
| 999 |
_c531085 _d531085 |
||